[Event "Blitz 2018"]
[Site "Saint-Petersburg"]
[Date "2018.12.30"]
[Round "16"]
[Board "23"]
[White "Sychev Klementy (RUS)"]
[Black "Vallejo Pons Francisco (ESP)"]
[Result "1-0"]
[LiveChessVersion "1.4.8"]
[BlackElo "2673"]
[WhiteElo "2594"]

1. e4 {[%clk 0:03:04]} e5 {[%clk 0:03:03]} 2. Nf3 {[%clk 0:03:05]} Nc6
{[%clk 0:03:05]} 3. Bb5 {[%clk 0:03:06]} a6 {[%clk 0:03:06]} 4. Ba4
{[%clk 0:03:07]} b5 {[%clk 0:03:07]} 5. Bb3 Na5 6. O-O {[%clk 0:03:05]} d6
{[%clk 0:03:10]} 7. d4 {[%clk 0:03:06]} exd4 {[%clk 0:03:11]} 8. Qxd4
{[%clk 0:03:06]} Bb7 {[%clk 0:03:12]} 9. Bg5 {[%clk 0:03:04]} Ne7
{[%clk 0:03:12]} 10. c4 {[%clk 0:03:05]} h6 {[%clk 0:03:06]} 11. Bxe7
{[%clk 0:02:48]} Bxe7 {[%clk 0:02:57]} 12. cxb5 {[%clk 0:02:41]} O-O
{[%clk 0:02:15]} 13. Nc3 {[%clk 0:02:36]} axb5 {[%clk 0:02:04]} 14. Nd5
{[%clk 0:02:27]} c5 {[%clk 0:01:50]} 15. Qd2 {[%clk 0:02:21]} Bf6
{[%clk 0:01:39]} 16. Rad1 {[%clk 0:01:58]} c4 {[%clk 0:01:20]} 17. Bc2
{[%clk 0:01:59]} Bxb2 {[%clk 0:01:05]} 18. Qb4 {[%clk 0:01:40]} Bxd5
{[%clk 0:00:49]} 19. Rxd5 {[%clk 0:01:34]} c3 {[%clk 0:00:47]} 20. e5
{[%clk 0:01:13]} Nc4 {[%clk 0:00:40]} 21. exd6 {[%clk 0:01:06]} Qa5
{[%clk 0:00:39]} 22. Qc5 {[%clk 0:00:56]} Ba3 {[%clk 0:00:28]} 23. Qd4
{[%clk 0:00:55]} Bxd6 {[%clk 0:00:27]} 24. a4 {[%clk 0:00:35]} Qc7
{[%clk 0:00:16]} 25. axb5 {[%clk 0:00:32]} Na3 {[%clk 0:00:15]} 26. Bd3
{[%clk 0:00:17]} c2 27. b6 Qc8 {[%clk 0:00:05]} 28. Rxd6 {[%clk 0:00:17]} c1=Q
{[%clk 0:00:06]} 29. Qe4 {[%clk 0:00:19]} Qxf1+ {[%clk 0:00:06]} 30. Kxf1
{[%clk 0:00:16]} Qc1+ {[%clk 0:00:05]} 31. Ne1 {[%clk 0:00:17]} f5
{[%clk 0:00:05]} 32. Qd5+ {[%clk 0:00:11]} Kh8 {[%clk 0:00:07]} 33. Qe5
{[%clk 0:00:06]} Rae8 {[%clk 0:00:08]} 34. Rxh6+ Kg8 35. Qd5+ {[%clk 0:00:04]}
Rf7 {[%clk 0:00:11]} 36. Re6 {[%clk 0:00:05]} Ref8 {[%clk 0:00:06]} 37. b7
{[%clk 0:00:05]} Qb2 {[%clk 0:00:05]} 38. Re7 {[%clk 0:00:06]} Qb6
{[%clk 0:00:03]} 39. Rxf7 Rxf7 {[%clk 0:00:05]} 40. Nf3 {[%clk 0:00:07]} Qxb7 41.
Qe6 {[%clk 0:00:06]} Qd7 {[%clk 0:00:06]} 42. Qb3 {[%clk 0:00:07]} Qa7
{[%clk 0:00:05]} 43. Ng5 {[%clk 0:00:08]} Nb5 {[%clk 0:00:05]} 44. Qxf7+
{[%clk 0:00:08]} Qxf7 {[%clk 0:00:00]} 45. Nxf7 {[%clk 0:00:09]} 1-0

[Event "Blitz 2018"]
[Site "Saint-Petersburg"]
[Date "2018.12.30"]
[Round "16"]
[Board "24"]
[White "Potkin Vladimir (RUS)"]
[Black "Firouzja Alireza (IRI)"]
[Result "0-1"]
[LiveChessVersion "1.4.8"]
[BlackElo "2667"]
[WhiteElo "2494"]

1. Nf3 {[%clk 0:03:03]} c5 {[%clk 0:02:59]} 2. c4 {[%clk 0:03:03]} Nc6
{[%clk 0:02:58]} 3. Nc3 {[%clk 0:03:03]} g6 {[%clk 0:02:59]} 4. e3
{[%clk 0:03:04]} Nf6 {[%clk 0:03:00]} 5. d4 {[%clk 0:03:05]} cxd4
{[%clk 0:03:01]} 6. exd4 {[%clk 0:03:06]} d5 {[%clk 0:03:01]} 7. cxd5 Nxd5
{[%clk 0:03:03]} 8. Qb3 {[%clk 0:03:07]} Nxc3 {[%clk 0:02:52]} 9. Bc4
{[%clk 0:03:08]} e6 {[%clk 0:02:53]} 10. bxc3 {[%clk 0:03:08]} Bd7
{[%clk 0:02:53]} 11. Be2 {[%clk 0:02:39]} Na5 {[%clk 0:02:53]} 12. Qb1
{[%clk 0:02:39]} Rc8 {[%clk 0:02:43]} 13. O-O {[%clk 0:02:39]} f6
{[%clk 0:02:35]} 14. c4 {[%clk 0:02:19]} b6 {[%clk 0:02:26]} 15. Nd2
{[%clk 0:01:43]} Kf7 {[%clk 0:02:20]} 16. Re1 {[%clk 0:01:42]} Qc7
{[%clk 0:02:13]} 17. Bb2 {[%clk 0:01:39]} Bh6 {[%clk 0:01:50]} 18. Ne4
{[%clk 0:01:36]} f5 {[%clk 0:01:49]} 19. d5 {[%clk 0:01:12]} fxe4
{[%clk 0:01:41]} 20. Qxe4 {[%clk 0:01:13]} Qf4 {[%clk 0:01:27]} 21. Qxf4+
{[%clk 0:01:03]} Bxf4 {[%clk 0:01:27]} 22. Bxh8 {[%clk 0:01:03]} Rxh8
{[%clk 0:01:28]} 23. Bg4 {[%clk 0:01:03]} Re8 {[%clk 0:01:19]} 24. Re4
{[%clk 0:01:03]} Bd6 {[%clk 0:00:58]} 25. dxe6+ {[%clk 0:00:56]} Bxe6
{[%clk 0:00:52]} 26. Rae1 {[%clk 0:00:57]} Bxg4 {[%clk 0:00:52]} 27. Rxe8
{[%clk 0:00:58]} Bb4 {[%clk 0:00:44]} 28. R1e3 {[%clk 0:00:36]} Bc5
{[%clk 0:00:34]} 29. Re1 {[%clk 0:00:36]} Bb4 {[%clk 0:00:29]} 30. R1e3
{[%clk 0:00:37]} Bc5 {[%clk 0:00:28]} 31. Re1 {[%clk 0:00:38]} Nxc4
{[%clk 0:00:24]} 32. R8e4 {[%clk 0:00:36]} Nb2 {[%clk 0:00:09]} 33. Rxg4
{[%clk 0:00:36]} Nd3 {[%clk 0:00:10]} 34. Re2 {[%clk 0:00:36]} h5
{[%clk 0:00:10]} 35. Rge4 {[%clk 0:00:36]} Kf6 {[%clk 0:00:11]} 36. g3
{[%clk 0:00:37]} a5 {[%clk 0:00:11]} 37. a4 {[%clk 0:00:37]} Nb4 {[%clk 0:00:11]}
38. Kg2 {[%clk 0:00:37]} Nd5 {[%clk 0:00:11]} 39. Rc4 {[%clk 0:00:35]} Nc7
{[%clk 0:00:10]} 40. Rf4+ {[%clk 0:00:35]} Kg7 {[%clk 0:00:09]} 41. h3
{[%clk 0:00:35]} Nd5 {[%clk 0:00:10]} 42. Rc4 {[%clk 0:00:35]} Nb4
{[%clk 0:00:07]} 43. g4 {[%clk 0:00:31]} hxg4 {[%clk 0:00:07]} 44. hxg4
{[%clk 0:00:30]} Nd3 {[%clk 0:00:08]} 45. g5 {[%clk 0:00:29]} Kf7
{[%clk 0:00:06]} 46. Rce4 {[%clk 0:00:28]} Bd6 {[%clk 0:00:06]} 47. Rd2
{[%clk 0:00:28]} Nc5 {[%clk 0:00:04]} 48. Rxd6 {[%clk 0:00:27]} Nxe4
{[%clk 0:00:05]} 49. Rf6+ {[%clk 0:00:28]} Nxf6 {[%clk 0:00:06]} 50. gxf6
{[%clk 0:00:17]} Kxf6 {[%clk 0:00:06]} 51. Kf3 {[%clk 0:00:16]} Ke5
{[%clk 0:00:04]} 52. Ke3 {[%clk 0:00:08]} Kd5 {[%clk 0:00:04]} 53. Kf4
{[%clk 0:00:05]} b5 {[%clk 0:00:04]} 54. axb5 a4 {[%clk 0:00:07]} 55. b6
{[%clk 0:00:06]} Ke5+ 0-1

[Event "Blitz 2018"]
[Site "Saint-Petersburg"]
[Date "2018.12.30"]
[Round "16"]
[Board "26"]
[White "Najer Evgeniy (RUS)"]
[Black "Fedoseev Vladimir (RUS)"]
[Result "0-1"]
[LiveChessVersion "1.4.8"]
[BlackElo "2750"]
[WhiteElo "2573"]

1. e4 {[%clk 0:03:03]} e5 {[%clk 0:03:03]} 2. Nf3 {[%clk 0:03:04]} Nc6
{[%clk 0:03:04]} 3. Bc4 {[%clk 0:03:05]} Nf6 {[%clk 0:03:04]} 4. d3
{[%clk 0:03:06]} h6 {[%clk 0:03:05]} 5. O-O {[%clk 0:03:03]} d6 {[%clk 0:03:06]}
6. Re1 {[%clk 0:03:02]} g5 {[%clk 0:03:04]} 7. c3 {[%clk 0:02:54]} g4
{[%clk 0:03:02]} 8. Nfd2 {[%clk 0:02:55]} Nh5 {[%clk 0:03:02]} 9. Nf1
{[%clk 0:02:52]} Nf4 {[%clk 0:02:52]} 10. d4 {[%clk 0:02:47]} Qf6
{[%clk 0:02:34]} 11. Na3 {[%clk 0:02:45]} Be7 {[%clk 0:02:16]} 12. Nc2
{[%clk 0:02:42]} Bd7 {[%clk 0:01:33]} 13. Nce3 {[%clk 0:02:18]} exd4
{[%clk 0:01:21]} 14. Nf5 {[%clk 0:02:07]} Ne6 {[%clk 0:00:58]} 15. cxd4
{[%clk 0:01:52]} Nexd4 {[%clk 0:00:50]} 16. Nxd4 {[%clk 0:00:27]} Qxd4
{[%clk 0:00:49]} 17. Qe2 {[%clk 0:00:20]} Ne5 {[%clk 0:00:44]} 18. Bd5
{[%clk 0:00:20]} c6 {[%clk 0:00:40]} 19. Rd1 {[%clk 0:00:21]} Qb6
{[%clk 0:00:34]} 20. Bb3 {[%clk 0:00:22]} g3 {[%clk 0:00:24]} 21. Nxg3
{[%clk 0:00:17]} Bg4 {[%clk 0:00:25]} 22. Qf1 {[%clk 0:00:18]} Bxd1
{[%clk 0:00:26]} 23. Qxd1 {[%clk 0:00:18]} O-O-O {[%clk 0:00:17]} 24. Be3
{[%clk 0:00:17]} Qa6 25. Nf5 {[%clk 0:00:17]} Bf6 {[%clk 0:00:13]} 26. f4
{[%clk 0:00:15]} Nd3 {[%clk 0:00:12]} 27. Qc2 {[%clk 0:00:11]} Kb8
{[%clk 0:00:10]} 28. Bc4 {[%clk 0:00:12]} Nb4 {[%clk 0:00:10]} 29. Qb3
{[%clk 0:00:13]} Qa5 {[%clk 0:00:11]} 30. Bxf7 {[%clk 0:00:11]} Na6
{[%clk 0:00:11]} 31. Rd1 {[%clk 0:00:11]} Nc5 {[%clk 0:00:13]} 32. Qc2
{[%clk 0:00:10]} Qb4 33. Bc4 {[%clk 0:00:09]} Nxe4 {[%clk 0:00:12]} 34. a3
{[%clk 0:00:10]} Qxb2 {[%clk 0:00:12]} 35. Qxe4 d5 36. Bxd5 {[%clk 0:00:05]} cxd5
{[%clk 0:00:14]} 37. Rxd5 Rxd5 {[%clk 0:00:16]} 38. Qxd5 {[%clk 0:00:05]} Rd8
{[%clk 0:00:17]} 39. Qf3 {[%clk 0:00:05]} Qb1+ {[%clk 0:00:17]} 40. Kf2
{[%clk 0:00:05]} Qxf5 {[%clk 0:00:18]} 0-1

[Event "Blitz 2018"]
[Site "Saint-Petersburg"]
[Date "2018.12.30"]
[Round "16"]
[Board "27"]
[White "Guseinov Gadir (AZE)"]
[Black "Kazhgaleyev Murtas (KAZ)"]
[Result "1-0"]
[LiveChessVersion "1.4.8"]
[BlackElo "2553"]
[WhiteElo "2708"]

1. e4 {[%clk 0:03:03]} e5 {[%clk 0:03:03]} 2. Nf3 {[%clk 0:03:04]} d6
{[%clk 0:03:04]} 3. d4 {[%clk 0:03:05]} exd4 {[%clk 0:03:05]} 4. Nxd4
{[%clk 0:03:07]} Nf6 {[%clk 0:03:05]} 5. Nc3 {[%clk 0:03:08]} Be7 6. g3 O-O
{[%clk 0:03:06]} 7. Bg2 {[%clk 0:03:11]} Nc6 {[%clk 0:03:07]} 8. O-O
{[%clk 0:03:09]} Bd7 {[%clk 0:03:05]} 9. Re1 {[%clk 0:03:08]} Re8
{[%clk 0:03:05]} 10. h3 {[%clk 0:03:09]} Bf8 {[%clk 0:03:06]} 11. Be3
{[%clk 0:02:49]} Ne5 {[%clk 0:03:05]} 12. b3 {[%clk 0:02:48]} h6 {[%clk 0:03:05]}
13. f4 {[%clk 0:02:47]} Ng6 {[%clk 0:03:06]} 14. Qd3 {[%clk 0:02:40]} c6
{[%clk 0:03:06]} 15. a4 {[%clk 0:02:33]} Qc7 {[%clk 0:03:06]} 16. Rad1
{[%clk 0:02:33]} Rad8 {[%clk 0:03:06]} 17. Kh2 {[%clk 0:02:34]} Bc8
{[%clk 0:03:05]} 18. Qc4 {[%clk 0:02:22]} a6 {[%clk 0:03:03]} 19. b4
{[%clk 0:02:18]} Qb8 {[%clk 0:02:50]} 20. a5 {[%clk 0:02:16]} Qc7
{[%clk 0:02:30]} 21. Qd3 {[%clk 0:02:14]} c5 {[%clk 0:02:17]} 22. Qc4
{[%clk 0:01:56]} Rd7 {[%clk 0:02:12]} 23. bxc5 {[%clk 0:01:52]} d5
{[%clk 0:01:59]} 24. Nxd5 {[%clk 0:01:39]} Nxd5 {[%clk 0:02:00]} 25. exd5
{[%clk 0:01:40]} Qxc5 {[%clk 0:01:59]} 26. Qxc5 {[%clk 0:01:34]} Bxc5
{[%clk 0:02:00]} 27. Nf5 {[%clk 0:01:33]} Bb4 {[%clk 0:01:56]} 28. Bd2
{[%clk 0:01:27]} Rxe1 {[%clk 0:01:51]} 29. Bxe1 {[%clk 0:01:21]} Bxe1
{[%clk 0:01:43]} 30. Rxe1 {[%clk 0:01:22]} Rc7 {[%clk 0:01:44]} 31. d6
{[%clk 0:01:12]} Rxc2 {[%clk 0:01:39]} 32. Ne7+ {[%clk 0:01:13]} Kf8
{[%clk 0:01:34]} 33. Nxc8 {[%clk 0:01:13]} Rxc8 {[%clk 0:01:35]} 34. Bxb7
{[%clk 0:01:12]} Rc2+ {[%clk 0:01:35]} 35. Kh1 {[%clk 0:01:11]} Rd2
{[%clk 0:01:29]} 36. Bc6 {[%clk 0:01:09]} Kg8 {[%clk 0:01:30]} 37. Re8+
{[%clk 0:01:05]} Nf8 {[%clk 0:01:30]} 38. d7 {[%clk 0:01:05]} 1-0

[Event "Blitz 2018"]
[Site "Saint-Petersburg"]
[Date "2018.12.30"]
[Round "16"]
[Board "28"]
[White "Esipenko Andrey (RUS)"]
[Black "Hakobyan Aram (ARM)"]
[Result "1/2-1/2"]
[LiveChessVersion "1.4.8"]
[BlackElo "2451"]
[WhiteElo "2673"]

1. d4 {[%clk 0:03:04]} Nf6 {[%clk 0:03:03]} 2. Nf3 {[%clk 0:03:05]} b6
{[%clk 0:03:03]} 3. Bf4 {[%clk 0:03:05]} Bb7 {[%clk 0:03:04]} 4. e3
{[%clk 0:03:07]} e6 {[%clk 0:03:05]} 5. h3 {[%clk 0:03:07]} Bd6 {[%clk 0:03:06]}
6. Bxd6 {[%clk 0:03:05]} cxd6 {[%clk 0:03:07]} 7. Bd3 {[%clk 0:03:00]} d5
{[%clk 0:03:07]} 8. O-O {[%clk 0:03:00]} Ba6 {[%clk 0:03:08]} 9. Bxa6
{[%clk 0:02:56]} Nxa6 {[%clk 0:03:09]} 10. Qe2 {[%clk 0:02:58]} Nb8
{[%clk 0:03:08]} 11. Nbd2 {[%clk 0:02:58]} O-O {[%clk 0:03:08]} 12. c4
{[%clk 0:02:59]} Nc6 {[%clk 0:03:07]} 13. cxd5 {[%clk 0:02:59]} Nxd5
{[%clk 0:03:06]} 14. Rac1 {[%clk 0:02:59]} Rc8 {[%clk 0:03:02]} 15. a3
{[%clk 0:03:00]} Nde7 {[%clk 0:02:50]} 16. Rc2 {[%clk 0:02:57]} d5
{[%clk 0:02:48]} 17. Rfc1 {[%clk 0:02:58]} Qd7 {[%clk 0:02:46]} 18. Qa6
{[%clk 0:02:57]} Nb8 {[%clk 0:02:34]} 19. Qd3 {[%clk 0:02:57]} Rxc2
{[%clk 0:02:30]} 20. Rxc2 {[%clk 0:02:59]} Nbc6 {[%clk 0:02:27]} 21. Rc3
{[%clk 0:02:33]} Rc8 {[%clk 0:02:26]} 22. Qc2 {[%clk 0:02:35]} f6
{[%clk 0:02:11]} 23. Ne1 {[%clk 0:02:29]} Na5 {[%clk 0:02:04]} 24. Nd3
{[%clk 0:02:29]} Rxc3 25. Qxc3 {[%clk 0:02:30]} Nac6 {[%clk 0:01:55]} 26. b4
{[%clk 0:02:24]} Nd8 {[%clk 0:01:47]} 27. Qb3 {[%clk 0:02:14]} Nb7
{[%clk 0:01:39]} 28. b5 {[%clk 0:02:11]} Nd6 {[%clk 0:01:35]} 29. a4
{[%clk 0:02:12]} Kf7 {[%clk 0:01:29]} 30. Qb1 {[%clk 0:02:08]} g6
{[%clk 0:01:18]} 31. Qc2 {[%clk 0:01:45]} Qc8 {[%clk 0:01:19]} 32. Qxc8
{[%clk 0:01:27]} Ndxc8 {[%clk 0:01:19]} 33. Kf1 {[%clk 0:01:26]} Nd6
{[%clk 0:01:20]} 34. Ke2 {[%clk 0:01:27]} Ke8 {[%clk 0:01:22]} 35. Kd1
{[%clk 0:01:27]} Kd7 {[%clk 0:01:24]} 36. Kc2 {[%clk 0:01:28]} g5
{[%clk 0:01:18]} 37. g4 {[%clk 0:01:20]} h6 {[%clk 0:01:17]} 38. Nb4
{[%clk 0:01:18]} Kc7 {[%clk 0:01:09]} 39. Kd3 {[%clk 0:01:19]} Ng6
{[%clk 0:00:55]} 40. f3 {[%clk 0:01:18]} Kd7 {[%clk 0:00:49]} 41. Na6
{[%clk 0:01:10]} Ne7 {[%clk 0:00:42]} 42. Nb4 {[%clk 0:01:02]} Ng6
{[%clk 0:00:42]} 43. Na6 {[%clk 0:00:54]} Ne7 {[%clk 0:00:00]} 44. Ke4 1/2-1/2

[Event "Blitz 2018"]
[Site "Saint-Petersburg"]
[Date "2018.12.30"]
[Round "16"]
[Board "29"]
[White "Kovalev Vladislav (BLR)"]
[Black "Van Foreest Jorden (NED)"]
[Result "0-1"]
[LiveChessVersion "1.4.8"]
[BlackElo "2657"]
[WhiteElo "2553"]

1. e4 {[%clk 0:03:04]} c5 {[%clk 0:03:03]} 2. Nf3 {[%clk 0:03:05]} d6
{[%clk 0:03:04]} 3. Bb5+ {[%clk 0:03:06]} Bd7 4. c4 Nf6 5. Nc3 g6
{[%clk 0:03:02]} 6. d4 {[%clk 0:03:09]} cxd4 {[%clk 0:03:03]} 7. Nxd4
{[%clk 0:03:10]} Bg7 {[%clk 0:03:04]} 8. f3 {[%clk 0:03:08]} O-O {[%clk 0:03:03]}
9. Be3 {[%clk 0:03:09]} Bxb5 {[%clk 0:02:55]} 10. Ndxb5 {[%clk 0:03:06]} Nc6
{[%clk 0:02:47]} 11. Rc1 {[%clk 0:03:07]} a6 {[%clk 0:02:44]} 12. Nd4
{[%clk 0:03:04]} Rc8 {[%clk 0:02:43]} 13. b3 {[%clk 0:03:02]} e6 {[%clk 0:02:43]}
14. O-O {[%clk 0:02:50]} Re8 {[%clk 0:02:40]} 15. Qd2 {[%clk 0:02:28]} d5
{[%clk 0:02:26]} 16. exd5 {[%clk 0:02:08]} exd5 {[%clk 0:02:21]} 17. Nxc6
{[%clk 0:01:54]} bxc6 {[%clk 0:02:10]} 18. cxd5 {[%clk 0:01:54]} Nxd5
{[%clk 0:01:44]} 19. Nxd5 {[%clk 0:01:55]} cxd5 {[%clk 0:01:42]} 20. Rxc8
{[%clk 0:01:15]} Qxc8 {[%clk 0:01:43]} 21. Rc1 {[%clk 0:01:16]} Qe6
{[%clk 0:01:41]} 22. Bd4 {[%clk 0:01:05]} Bxd4+ {[%clk 0:01:25]} 23. Qxd4
{[%clk 0:01:06]} Qe2 {[%clk 0:01:26]} 24. a4 {[%clk 0:00:41]} Qe3+
{[%clk 0:00:55]} 25. Qxe3 {[%clk 0:00:41]} Rxe3 {[%clk 0:00:56]} 26. Rc8+
{[%clk 0:00:28]} Kg7 27. Rb8 d4 28. Kf2 Rc3 {[%clk 0:00:40]} 29. Ke2
{[%clk 0:00:14]} Rc2+ {[%clk 0:00:41]} 30. Kd3 {[%clk 0:00:16]} Rxg2
{[%clk 0:00:42]} 31. Rb6 {[%clk 0:00:18]} a5 {[%clk 0:00:38]} 32. Rb5
{[%clk 0:00:19]} Rxh2 {[%clk 0:00:31]} 33. Rxa5 {[%clk 0:00:21]} h5
{[%clk 0:00:32]} 34. Kxd4 {[%clk 0:00:12]} Rb2 {[%clk 0:00:30]} 35. Kc3
{[%clk 0:00:11]} Rf2 {[%clk 0:00:31]} 36. Rd5 {[%clk 0:00:06]} h4
{[%clk 0:00:32]} 37. a5 {[%clk 0:00:05]} Rxf3+ {[%clk 0:00:32]} 38. Kc4
{[%clk 0:00:06]} h3 {[%clk 0:00:25]} 39. b4 {[%clk 0:00:07]} Rf1 {[%clk 0:00:24]}
40. Rd2 {[%clk 0:00:08]} g5 {[%clk 0:00:25]} 41. a6 {[%clk 0:00:07]} Ra1
{[%clk 0:00:26]} 42. b5 g4 {[%clk 0:00:27]} 43. Kc5 {[%clk 0:00:06]} g3
{[%clk 0:00:27]} 44. Rd3 {[%clk 0:00:07]} g2 45. Rg3+ Kf6 {[%clk 0:00:24]} 46. b6
{[%clk 0:00:10]} h2 {[%clk 0:00:19]} 47. b7 {[%clk 0:00:11]} g1=Q+
{[%clk 0:00:20]} 48. Kd4 Ke5+ 0-1

[Event "Blitz 2018"]
[Site "Saint-Petersburg"]
[Date "2018.12.30"]
[Round "16"]
[Board "30"]
[White "Yilmaz Mustafa (TUR)"]
[Black "Oparin Grigoriy (RUS)"]
[Result "1-0"]
[LiveChessVersion "1.4.8"]
[BlackElo "2641"]
[WhiteElo "2515"]

1. d4 {[%clk 0:03:03]} Nf6 {[%clk 0:03:03]} 2. c4 {[%clk 0:03:04]} e6
{[%clk 0:03:04]} 3. Nf3 {[%clk 0:03:05]} b6 {[%clk 0:03:04]} 4. g3
{[%clk 0:03:06]} Bb7 {[%clk 0:03:05]} 5. Bg2 {[%clk 0:03:07]} Be7
{[%clk 0:03:06]} 6. O-O {[%clk 0:03:07]} O-O {[%clk 0:03:06]} 7. Nc3
{[%clk 0:03:07]} Ne4 {[%clk 0:03:06]} 8. Bd2 {[%clk 0:03:08]} Bf6
{[%clk 0:03:07]} 9. Be1 {[%clk 0:02:58]} Nxc3 {[%clk 0:03:07]} 10. Bxc3
{[%clk 0:02:58]} Be4 {[%clk 0:03:08]} 11. Rc1 {[%clk 0:02:56]} d6
{[%clk 0:02:46]} 12. Qa4 {[%clk 0:02:36]} Qe8 {[%clk 0:02:34]} 13. Qxe8
{[%clk 0:02:27]} Rxe8 {[%clk 0:02:35]} 14. Rfd1 {[%clk 0:02:20]} Nd7
{[%clk 0:02:30]} 15. Ne1 {[%clk 0:02:16]} Bxg2 {[%clk 0:02:29]} 16. Kxg2
{[%clk 0:02:12]} g6 {[%clk 0:02:19]} 17. e4 {[%clk 0:01:52]} Bg7 {[%clk 0:02:12]}
18. f4 {[%clk 0:01:50]} Rad8 {[%clk 0:02:10]} 19. Kf3 {[%clk 0:01:38]} c5
{[%clk 0:02:01]} 20. dxc5 {[%clk 0:01:35]} Nxc5 {[%clk 0:02:01]} 21. Bxg7
{[%clk 0:01:20]} Kxg7 {[%clk 0:02:02]} 22. b4 {[%clk 0:01:12]} Nb7
{[%clk 0:01:57]} 23. Nc2 {[%clk 0:01:13]} Rc8 {[%clk 0:01:53]} 24. Ne3
{[%clk 0:01:12]} Re7 {[%clk 0:01:44]} 25. Rc2 {[%clk 0:01:13]} Rec7
{[%clk 0:01:43]} 26. Rcd2 {[%clk 0:01:13]} a5 {[%clk 0:01:37]} 27. a3
{[%clk 0:01:14]} axb4 {[%clk 0:01:37]} 28. axb4 {[%clk 0:01:15]} Ra8
{[%clk 0:01:38]} 29. e5 {[%clk 0:01:02]} dxe5 {[%clk 0:01:02]} 30. fxe5
{[%clk 0:01:03]} Kf8 {[%clk 0:00:58]} 31. Rd7 {[%clk 0:01:03]} Rac8
{[%clk 0:00:59]} 32. R1d4 {[%clk 0:01:00]} h5 {[%clk 0:00:47]} 33. g4
{[%clk 0:00:48]} hxg4+ {[%clk 0:00:47]} 34. Nxg4 {[%clk 0:00:47]} Rxd7
{[%clk 0:00:45]} 35. Rxd7 {[%clk 0:00:48]} Nd8 {[%clk 0:00:46]} 36. b5
{[%clk 0:00:42]} Rb8 {[%clk 0:00:37]} 37. Nf6 {[%clk 0:00:36]} Kg7
{[%clk 0:00:31]} 38. Ne8+ {[%clk 0:00:35]} Kh6 {[%clk 0:00:26]} 39. Nd6
{[%clk 0:00:35]} g5 {[%clk 0:00:25]} 40. Rxd8 {[%clk 0:00:33]} 1-0

[Event "Blitz 2018"]
[Site "Saint-Petersburg"]
[Date "2018.12.30"]
[Round "16"]
[Board "31"]
[White "Fridman Daniel (GER)"]
[Black "Lintchevski Daniil (RUS)"]
[Result "1/2-1/2"]
[LiveChessVersion "1.4.8"]
[BlackElo "2594"]
[WhiteElo "2530"]

1. d4 {[%clk 0:03:03]} d5 {[%clk 0:03:03]} 2. Nf3 {[%clk 0:03:04]} Nf6
{[%clk 0:03:04]} 3. c4 {[%clk 0:03:05]} dxc4 {[%clk 0:03:05]} 4. e3
{[%clk 0:03:06]} e6 {[%clk 0:03:05]} 5. Bxc4 {[%clk 0:03:07]} a6 {[%clk 0:03:06]}
6. O-O {[%clk 0:03:07]} c5 {[%clk 0:03:07]} 7. dxc5 {[%clk 0:03:07]} Bxc5
{[%clk 0:03:08]} 8. Qxd8+ {[%clk 0:03:08]} Kxd8 {[%clk 0:03:09]} 9. Be2
{[%clk 0:03:09]} Ke7 {[%clk 0:03:10]} 10. Ne5 {[%clk 0:03:09]} Nbd7
{[%clk 0:03:06]} 11. Nd3 {[%clk 0:03:08]} Bd6 {[%clk 0:03:06]} 12. b3
{[%clk 0:03:06]} b6 {[%clk 0:02:54]} 13. Nd2 {[%clk 0:03:05]} b5 {[%clk 0:02:52]}
14. Bb2 {[%clk 0:03:00]} Bb7 {[%clk 0:02:53]} 15. f3 {[%clk 0:03:00]} Nc5
{[%clk 0:02:46]} 16. Ne5 {[%clk 0:02:27]} Rhd8 {[%clk 0:02:46]} 17. Rfd1
{[%clk 0:02:27]} Nd5 {[%clk 0:02:46]} 18. Nf1 {[%clk 0:02:16]} f6
{[%clk 0:02:44]} 19. Nd3 {[%clk 0:02:09]} Nxd3 {[%clk 0:02:45]} 20. Bxd3
{[%clk 0:02:08]} g6 {[%clk 0:02:28]} 21. Be4 {[%clk 0:01:55]} Rac8
{[%clk 0:02:21]} 22. Rac1 {[%clk 0:01:55]} f5 {[%clk 0:02:04]} 23. Bxd5
{[%clk 0:01:54]} Bxd5 {[%clk 0:02:04]} 24. Kf2 {[%clk 0:01:45]} Rxc1
{[%clk 0:01:56]} 25. Rxc1 {[%clk 0:01:45]} Bb7 {[%clk 0:01:51]} 26. Rc2
{[%clk 0:01:43]} Rc8 {[%clk 0:01:51]} 27. Rxc8 {[%clk 0:01:43]} Bxc8
{[%clk 0:01:53]} 28. f4 {[%clk 0:01:25]} Bb7 {[%clk 0:01:51]} 29. Nd2
{[%clk 0:01:25]} Bd5 {[%clk 0:01:48]} 30. g3 {[%clk 0:01:23]} a5 {[%clk 0:01:47]}
31. Ke2 {[%clk 0:01:00]} Kd7 {[%clk 0:01:46]} 32. Kd3 {[%clk 0:01:01]} Kc6
{[%clk 0:01:47]} 33. e4 {[%clk 0:01:01]} fxe4+ {[%clk 0:01:47]} 34. Nxe4
{[%clk 0:01:02]} Be7 {[%clk 0:01:46]} 35. Nf6 {[%clk 0:00:43]} Bxf6
{[%clk 0:01:38]} 36. Ke4 1/2-1/2

[Event "Blitz 2018"]
[Site "Saint-Petersburg"]
[Date "2018.12.30"]
[Round "16"]
[Board "32"]
[White "Hovhannisyan Robert (ARM)"]
[Black "Bazeev German (RUS)"]
[Result "1/2-1/2"]
[LiveChessVersion "1.4.8"]
[BlackElo "2422"]
[WhiteElo "2588"]

1. e4 {[%clk 0:03:03]} e5 {[%clk 0:03:03]} 2. Nf3 {[%clk 0:03:04]} Nc6
{[%clk 0:03:04]} 3. Nc3 {[%clk 0:03:06]} Nf6 {[%clk 0:03:02]} 4. d4
{[%clk 0:03:07]} exd4 {[%clk 0:02:58]} 5. Nxd4 {[%clk 0:03:08]} Bb4
{[%clk 0:02:57]} 6. Nxc6 {[%clk 0:03:09]} bxc6 {[%clk 0:02:57]} 7. Bd3
{[%clk 0:03:10]} d5 {[%clk 0:02:55]} 8. exd5 {[%clk 0:03:11]} O-O
{[%clk 0:02:54]} 9. O-O {[%clk 0:03:12]} cxd5 {[%clk 0:02:55]} 10. h3
{[%clk 0:03:13]} h6 {[%clk 0:02:48]} 11. Qf3 {[%clk 0:03:11]} c6 {[%clk 0:02:48]}
12. Bf4 {[%clk 0:03:11]} Bd6 {[%clk 0:02:46]} 13. Rfe1 {[%clk 0:03:10]} Qc7
{[%clk 0:02:43]} 14. Bxh6 {[%clk 0:02:57]} gxh6 {[%clk 0:02:14]} 15. Qxf6
{[%clk 0:02:58]} Bh2+ {[%clk 0:02:13]} 16. Kh1 Qd6 17. Qh4 {[%clk 0:02:27]} Bf4
{[%clk 0:02:14]} 18. Rad1 {[%clk 0:02:13]} Bg5 {[%clk 0:02:06]} 19. Qd4
{[%clk 0:02:09]} Qf6 {[%clk 0:02:03]} 20. Ne2 {[%clk 0:01:46]} Qxd4
{[%clk 0:01:41]} 21. Nxd4 c5 22. Nc6 {[%clk 0:01:31]} Be6 {[%clk 0:01:39]} 23.
Be2 {[%clk 0:01:14]} Rfc8 {[%clk 0:01:38]} 24. Ne5 {[%clk 0:01:10]} Rab8
{[%clk 0:01:32]} 25. b3 {[%clk 0:01:11]} c4 {[%clk 0:01:30]} 26. bxc4
{[%clk 0:00:50]} dxc4 {[%clk 0:01:31]} 27. Bg4 {[%clk 0:00:50]} Bxg4
{[%clk 0:01:23]} 28. Nxg4 {[%clk 0:00:41]} Rb2 {[%clk 0:01:22]} 29. h4
{[%clk 0:00:41]} Bxh4 {[%clk 0:01:14]} 30. Nxh6+ {[%clk 0:00:42]} Kh7
{[%clk 0:01:11]} 31. Nf5 {[%clk 0:00:31]} Bxf2 {[%clk 0:01:08]} 32. Re2
{[%clk 0:00:33]} Bc5 {[%clk 0:01:02]} 33. g4 {[%clk 0:00:22]} Rxa2
{[%clk 0:00:57]} 34. Kg2 {[%clk 0:00:23]} Kg6 {[%clk 0:00:55]} 35. Rh1
{[%clk 0:00:18]} Rb8 {[%clk 0:00:49]} 36. Kf3 {[%clk 0:00:17]} Bf8
{[%clk 0:00:33]} 37. Kf4 {[%clk 0:00:12]} c3 {[%clk 0:00:25]} 38. Nh4+
{[%clk 0:00:13]} Kg7 {[%clk 0:00:25]} 39. Nf5+ {[%clk 0:00:14]} Kg6
{[%clk 0:00:23]} 40. Nh4+ Kg7 41. Nf5+ Kg6 42. Nh4+ {[%clk 0:00:12]} Kg7
{[%clk 0:00:27]} 43. Nf5+ {[%clk 0:00:13]} Kg6 {[%clk 0:00:21]} 44. Nh4+ Kg7 45.
Nf5+ {[%clk 0:00:11]} 1/2-1/2